Central Library OPAC University of Rajshahi

হাতেম তা'য়ী / (Record no. 48959)

MARC details
000 -LEADER
fixed length control field 00771nam a2200229 a 4500
001 - CONTROL NUMBER
control field 48959
003 - CONTROL NUMBER IDENTIFIER
rucl marc code BD-RjUL
005 - DATE AND TIME OF LATEST TRANSACTION
control field 20211209054620.0
008 - FIXED-LENGTH DATA ELEMENTS--GENERAL INFORMATION
fixed length control field 160817s1966 bg ||||| |||| 00| 0 ben d
020 ## - INTERNATIONAL STANDARD BOOK NUMBER
Terms of availability : Tk.8.00
035 ## - SYSTEM CONTROL NUMBER
System control number (BD-RjUL)49078
040 ## - CATALOGING SOURCE
Original cataloging agency BD-RjUL
Language of cataloging ben
Transcribing agency BD-RjUL
Modifying agency BD-RjUL
041 ## - LANGUAGE CODE
Language code of text/sound track or separate title ben
082 ## - DEWEY DECIMAL CLASSIFICATION NUMBER
Edition number 23
Classification number 891.441
Author mark and year AHH 1966
100 ## - MAIN ENTRY--PERSONAL NAME
Personal name আহমদ,ফররুখ
9 (RLIN) 147426
245 10 - TITLE STATEMENT
Title হাতেম তা'য়ী /
Statement of responsibility, etc. আহমদ,ফররুখ
260 ## - PUBLICATION, DISTRIBUTION, ETC. (IMPRINT)
Place of publication, distribution, etc. ঢাকা :
Name of publisher, distributor, etc. বাংলা একাডেমীঃ বর্ধমান হাউস,
Date of publication, distribution, etc. ১৯৬৬
300 ## - PHYSICAL DESCRIPTION
Pagination ৩২৮ পৃ. ;
Size ২২ সেমি.
650 ## - SUBJECT ADDED ENTRY--TOPICAL TERM
Topical term or geographic name as entry element বাংলা কবিতা
9 (RLIN) 147358
Topical term or geographic name as entry element Bengali poetry
9 (RLIN) 147359
942 ## - ADDED ENTRY ELEMENTS (KOHA)
Source of classification or shelving scheme Dewey Decimal Classification
Koha item type Books
Holdings
Lost status Source of classification or shelving scheme Damaged status Not for loan Collection code Permanent Location Current Location Shelving location Date acquired Source of acquisition Total Checkouts Full call number Date last seen Copy number Koha item type Cost, normal purchase price
  Dewey Decimal Classification     Non-fiction Central Library, University of Rajshahi Central Library, University of Rajshahi   26/06/1970 Paramount Book co.   B 891.441 AHH 1966 17/08/2016 C-2 Books  
  Dewey Decimal Classification     Non-fiction Central Library, University of Rajshahi Central Library, University of Rajshahi   26/06/1970 Paramount Book co.   B 891.441 AHH 1966 17/08/2016 C-3 Books 8.00
  Dewey Decimal Classification     Non-fiction Central Library, University of Rajshahi Central Library, University of Rajshahi   26/06/1970 Paramount Book co.   B 891.441 AHH 1966 17/08/2016 C-4 Books 8.00
  Dewey Decimal Classification     Non-fiction Central Library, University of Rajshahi Central Library, University of Rajshahi   26/06/1970 Paramount Book co.   B 891.441 AHH 1966 17/08/2016 C-5 Books 8.00
  Dewey Decimal Classification   Not For Loan Non-fiction Central Library, University of Rajshahi Central Library, University of Rajshahi Reading Room 21/02/1966 Paramount Book co.   B 891.441 AHH 1966 09/03/2017 C-1 Books 8.00